Derecho constitucional colombiano (Registro nro. 7247)
[ vista simple ]
| 000 -LEADER | |
|---|---|
| fixed length control field | 01264cam a2200253 a 4500 |
| 003 - CONTROL NUMBER IDENTIFIER | |
| control field | OSt |
| 005 - DATE AND TIME OF LATEST TRANSACTION | |
| control field | 20210219102453.0 |
| 008 - FIXED-LENGTH DATA ELEMENTS--GENERAL INFORMATION | |
| fixed length control field | 100209s2008 ck rl 000 0 spa d |
| 020 ## - INTERNATIONAL STANDARD BOOK NUMBER | |
| International Standard Book Number | 9789588381275 |
| 040 ## - CATALOGING SOURCE | |
| Original cataloging agency | CO-BoPUJ |
| Transcribing agency | CO-JMCR |
| 041 0# - LANGUAGE CODE | |
| Language code of text/sound track or separate title | spa |
| 082 04 - DEWEY DECIMAL CLASSIFICATION NUMBER | |
| Classification number | 342.861 / |
| Item number | D852d |
| Edition number | 23 |
| 100 1# - MAIN ENTRY--PERSONAL NAME | |
| Personal name | Quinche Ramírez, Manuel Fernando |
| Dates associated with a name | 1961- |
| Relator term | autora |
| 9 (RLIN) | 13672 |
| 245 10 - TITLE STATEMENT | |
| Title | Derecho constitucional colombiano |
| Remainder of title | de la carta de 1991 y sus reformas |
| Statement of responsibility, etc. | Manuel Fernando Quinche Ramírez |
| 250 ## - EDITION STATEMENT | |
| Edition statement | 2a ed. |
| 260 ## - PUBLICATION, DISTRIBUTION, ETC. | |
| Place of publication, distribution, etc. | Bogotá |
| Name of publisher, distributor, etc. | Grupo Editorial Ibañez |
| Date of publication, distribution, etc. | 2008. |
| 300 ## - PHYSICAL DESCRIPTION | |
| Extent | 649 páginas |
| Dimensions | 24 cm + 1 CD. |
| 504 ## - BIBLIOGRAPHY, ETC. NOTE | |
| Bibliography, etc. note | Bibliografía: páginas 321-326. |
| 505 0# - FORMATTED CONTENTS NOTE | |
| Formatted contents note | La función pública -- Clasificación de servidos público y modalidades de vinculación -- Empleo público -- Régimen de ingreso a la administración pública y ordenación de la jornada laboral -- Régimen general de carrera administrativa -- Situaciones administrativas -- Régimen salarial -- Régimen prestacional de los empleados públicos -- Causales de retiro de los empleados públicos |
| 650 14 - SUBJECT ADDED ENTRY--TOPICAL TERM | |
| Topical term or geographic name entry element | Derechos humanos |
| Geographic subdivision | Colombia |
| 9 (RLIN) | 8250 |
| 650 14 - SUBJECT ADDED ENTRY--TOPICAL TERM | |
| Topical term or geographic name entry element | Historia constitucional |
| Geographic subdivision | Colombia |
| 9 (RLIN) | 8238 |
| 942 ## - ADDED ENTRY ELEMENTS (KOHA) | |
| Source of classification or shelving scheme | Dewey Decimal Classification |
| Koha item type | Books |
| Withdrawn status | Lost status | Source of classification or shelving scheme | Damaged status | Not for loan | Home library | Current library | Shelving location | Date acquired | Source of acquisition | Total Checkouts | Full call number | Barcode | Date last seen | Price effective from | Koha item type |
|---|---|---|---|---|---|---|---|---|---|---|---|---|---|---|---|
| Dewey Decimal Classification | Biblioteca Pública José María del Castillo y Rada | Biblioteca Pública José María del Castillo y Rada | General Stacks | 10/02/2020 | Donación | 342.861 / D852d | 201810410 | 05/16/2024 | 10/02/2020 | Books |